National income and its composition, 1919-1938 (Record no. 369984)

000 -LEADER
fixed length control field 00382cam a22001217a 4500
008 - FIXED-LENGTH DATA ELEMENTS--GENERAL INFORMATION
fixed length control field 180718b1954 xxu||||| |||| 00| 0 eng d
082 ## - DEWEY DECIMAL CLASSIFICATION NUMBER
Classification number T112x73 K696
100 ## - MAIN ENTRY--PERSONAL NAME
Personal name Kuznets, Simon
245 ## - TITLE STATEMENT
Title National income and its composition, 1919-1938
Statement of responsibility, etc. by Simon Kuznets...[et. al.]
260 ## - PUBLICATION, DISTRIBUTION, ETC.
Place of publication, distribution, etc. New York
Name of publisher, distributor, etc. National Bureau of Economic Research
Date of publication, distribution, etc. 1954
300 ## - PHYSICAL DESCRIPTION
Extent 929p.
650 ## - SUBJECT ADDED ENTRY--TOPICAL TERM
Topical term or geographic name entry element Income - USA
Holdings
Withdrawn status Lost status Damaged status Not for loan Permanent Location Current Location Date acquired Full call number Barcode Date last seen Price effective from Koha item type
        Indian Institute of Public Administration Indian Institute of Public Administration 1994-06-03 T112x73 K696 5052 2018-07-21 2018-07-21 Book

Powered by Koha